书目信息 |
| 题名: |
好奇年代
|
|
| 作者: | (英) 理查德·霍姆斯 (Richard Holmes) 著 | |
| 分册: | ||
| 出版信息: | 北京 生活·读书·新知三联书店 2020.1 |
|
| 页数: | 592页 | |
| 开本: | 23cm | |
| 丛书名: | 新知文库 | |
| 单 册: | ||
| 中图分类: | G325.619-49 , G325.61 | |
| 科图分类: | ||
| 主题词: | 科学史--英国--通俗读物 | |
| 电子资源: | ||
| ISBN: | 978-7-108-06759-3 | |
| 000 | 00993nam0 2200253 450 | |
| 001 | 2149281296 | |
| 005 | 20210103134204.33 | |
| 010 | @a978-7-108-06759-3@dCNY69.00 | |
| 100 | @a20200228d2020 em y0chiy0110 ea | |
| 101 | 0 | @achi |
| 102 | @aCN@b110000 | |
| 105 | @ay z 000yy | |
| 200 | 1 | @a好奇年代@9hao qi nian dai@f(英) 理查德·霍姆斯 (Richard Holmes) 著 |
| 210 | @a北京@c生活·读书·新知三联书店@d2020.1 | |
| 215 | @a592页@d23cm | |
| 225 | 2 | @a新知文库 |
| 330 | @a《好奇年代》讲述了18世纪后期在英国科学领域中接连发生的若干故事,探究一个伟大的历史进程,即以迅猛之势席卷整个英国的第二次科学革命,及其在此进程中所产生的一种新的愿景,它被人们恰如其分地称为“浪漫科学”的历史。 | |
| 410 | 0 | @12001 @a新知文库 |
| 606 | 0 | @a科学史@y英国@j通俗读物 |
| 690 | @aG325.619-49@v5 | |
| 690 | @aG325.61@v4 | |
| 701 | 0 | @a(英) 理查德·霍姆斯 (Richard Holmes)@9li cha de huo mu si r i c h a r d h o l m e s@4著 |
| 801 | 2 | @aCN@bhttp://www.sjzwtrj.cn@c2020-02-28 |
| 905 | @aMUSE@dG325.61@e1 | |
| 好奇年代/(英) 理查德·霍姆斯 (Richard Holmes) 著.-北京:生活·读书·新知三联书店,2020.1 |
| 592页;23cm.-(新知文库) |
| ISBN 978-7-108-06759-3:CNY69.00 |
| 《好奇年代》讲述了18世纪后期在英国科学领域中接连发生的若干故事,探究一个伟大的历史进程,即以迅猛之势席卷整个英国的第二次科学革命,及其在此进程中所产生的一种新的愿景,它被人们恰如其分地称为“浪漫科学”的历史。 |
| ● |
| 相关链接 |
|
|
|
正题名:好奇年代
索取号:G325.61/1
 
预约/预借
| 序号 | 登录号 | 条形码 | 馆藏地/架位号 | 状态 | 备注 |
| 1 | 2000876675 | 2000876675 | 第二书库/ [索取号:G325.61/1] | 在馆 | |
| 2 | 2000876676 | 2000876676 | 第二书库/ [索取号:G325.61/1] | 在馆 | |
| 3 | 2000876677 | 2000876677 | 第二书库/ [索取号:G325.61/1] | 在馆 |